Paroles Dépassé-Nuit Incolore - Statistiques

Statistiques générales
  • Ce quiz a été pris 231 fois
  • Le résultat moyen est 250 sur 340
Statistiques - réponses
Hint Réponse % Correct
7 | 20 | 65 | +16 others de
99%
15 | 27 | 93 | +11 others Je
98%
67 | 179 | 196 | 279 je
98%
3 | 13 | 30 | +10 others le
97%
42 Le
97%
4 | 37 | 92 | +4 others temps
97%
1 Dépassé
96%
89 | 129 | 224 | +2 others dépassé
96%
2 | 90 | 130 | +4 others par
96%
76 | 106 | 140 | +6 others la
93%
5 | 72 | 99 | +8 others J'ai
91%
275 j'ai
91%
8 | 102 | 136 | +4 others prendre
91%
6 | 100 | 118 | +6 others besoin
89%
9 | 103 | 137 | +4 others l'air
89%
97 | 168 | 313 comme
88%
81 | 109 | 120 | +6 others me
88%
94 | 187 | 285 | +2 others ne
88%
21 | 36 | 115 | +2 others mon
87%
88 | 128 | 223 | +2 others J'suis
85%
123 | 252 j'suis
85%
96 | 177 | 181 | +7 others plus
84%
98 | 314 avant
83%
12 | 75 | 210 dans
83%
107 | 141 | 236 | +3 others lumière
83%
68 | 162 | 286 | 291 suis
83%
50 | 63 Au
82%
124 | 204 | 253 au
82%
44 | 58 se
82%
83 | 218 pour
80%
113 | 242 | 328 Pour
80%
95 | 311 pense
78%
105 | 234 | 268 | +2 others rejoindre
78%
54 | 85 | 143 | +3 others les
77%
17 ce
76%
104 | 138 | 233 | +3 others J'veux
76%
64 | 125 | 254 fond
75%
32 | 183 Et
74%
77 | 212 tête
73%
60 | 203 mais
72%
122 | 251 Mais
72%
23 Mes
72%
173 mes
72%
11 noir
71%
74 | 209 chronomètre
70%
112 | 241 | 327 distance
70%
10 Regard
70%
22 avenir
69%
127 | 256 l'enfer
69%
66 moi,
69%
18 qu'il
69%
19 reste
69%
84 | 219 | 274 que
68%
116 | 245 | 331 existence
67%
16 dévisage
66%
31 navire
66%
110 | 239 | 325 nourris
66%
14 vide
66%
78 | 213 Combien
64%
121 | 250 distraire
64%
48 un
64%
114 | 243 | 329 sentir
62%
86 | 221 heures
61%
29 quitter
61%
24 souvenirs
61%
34 j'en
59%
35 perds
59%
28 voudrais
59%
38 Comment
58%
87 | 222 s'arrêtent ?
58%
49 survivant
58%
71 catacombes
57%
33 finalement,
57%
45 lève,
57%
25 deviennent
56%
80 | 215 rêves
56%
26 liquide
55%
47 d'être
54%
69 fait
54%
82 | 217 faudra-t-il
54%
40 perdre
54%
41 autant ?
53%
43 vent
52%
51 bout
51%
52 | 154 d'mes
51%
61 jamais
49%
55 mots
49%
145 est
46%
56 m'attendent
46%
178 | 195 sommeil,
46%
53 lèvres,
44%
176 | 180 | 193 | 197 n'ai
44%
57 Ils
43%
46 j'tenterai
43%
294 même
43%
146 une
42%
276 mal
41%
186 nuit
41%
281 sens
39%
182 | 199 d'réveil
38%
303 Soleil
38%
288 pareil
37%
191 conseil
36%
156 | 160 J'me
36%
163 séduit
36%
167 Séduit
36%
277 tourné
36%
278 Car
35%
144 larmes
35%
282 tout
35%
189 porte
34%
153 l'ami
33%
149 l'ennemi
33%
155 pulsions
33%
272 quand
33%
151 raison
33%
150 d'ma
32%
148 | 152 J'deviens
32%
206 j'essaie
32%
200 C'est
31%
174 défauts
31%
147 solution
31%
202 d'exister,
30%
205 moins
30%
62 n'tombent
30%
184 pourtant
30%
271 Depuis
29%
160 ombres
29%
158 parmi
29%
171 rapproche
29%
169 Faust
28%
201 complexe
27%
273 est-ce
27%
301 poursuis
26%
157 cacherai
25%
166 fosses
24%
59 serrent,
23%
283 décentré
22%
299 thème
22%
296 n'connais
21%
39 puis-j'me
10%
142 Retarder
9%
139 rejoidre
6%
Aucun quiz correspondant
Distribution des résultats
% des personnes avec chaque résultat
Percentile par nombre de réponses
Votre historique - résultats
Vous n’avez pas pris ce quiz